El origen del mundo: historia de un cuadro de Gustave Courbet

Guardado en:
Detalles Bibliográficos
Autor principal: Savatier, Thierry (Autor)
Formato: Libro
Lenguaje:español
Publicado: Gijón Trea 2009
Colección:Artes, 1
Materias:
Etiquetas: Agregar Etiqueta
Sin Etiquetas, Sea el primero en etiquetar este registro!

MARC

LEADER 00000cam a2200000 a 4500
001 UCG8325
003 CL-VaPUC
008 111202e20090000SP |||||||||||||||||spa|d
020 |a 9788497044714 
082 0 4 |a 708.4  |b SAV  |2 21 
100 0 |a Savatier, Thierry  |e author  |9 559307 
245 1 3 |a El origen del mundo: historia de un cuadro de Gustave Courbet 
300 |a 303 p 
942 |c BK 
945 |d 20111202 00:00:00  |a dcastane 
260 |a Gijón  |b Trea  |c 2009 
600 0 7 |a COURBET, GUSTAVE  |2 CL-VaPUC  |9 353389 
650 0 |a Pintores franceses   |9 340354 
650 0 |a Artistas franceses  |9 559308 
650 0 |a Realismo  |9 259117 
650 0 |a Crítica e interpretación   |9 255042 
583 |a last modification  |c 20120611 02:08:45  |k Rodrigo Vera 
490 0 |a Artes, 1 
999 |c 345942  |d 345940 
952 |0 0  |1 0  |4 0  |6 708_400000000000000_SAV_2009  |7 0  |8 A  |9 446342  |a BIBART  |b BIBART  |d 2019-11-22  |i 4806034  |o 708.4 SAV 2009  |p 4806034  |r 2025-03-13  |w 2019-11-22  |y BK  |k ART 
952 |0 0  |1 0  |4 0  |6 708_400000000000000_SAV_2009  |7 0  |8 A  |9 446343  |a BIBART  |b BIBART  |d 2019-11-22  |i 4876113  |o 708.4 SAV 2009  |p 4876113  |r 2025-03-13  |w 2019-11-22  |y BK  |k ART